The ends of time : life and work in a nursing home

Αποθηκεύτηκε σε:
Λεπτομέρειες βιβλιογραφικής εγγραφής
Κύριος συγγραφέας: Savishinsky, Joel S.
Μορφή: Βιβλίο
Γλώσσα:English
Δημοσίευση: New York : Bergin & Garvey, c1991
Θέματα:
Ετικέτες: Προσθήκη ετικέτας
Δεν υπάρχουν, Καταχωρήστε ετικέτα πρώτοι!

MARC

LEADER 00000nam a2200000 i 4500
001 1/69154
008 981102s1991 eng d
020 |a 0-89789-229-1 
035 |l 10030326 
040 |a GR-MY-UA  |b gre  |e aacr 
041 0 |a eng 
082 0 |a 362.16 
100 1 |a Savishinsky, Joel S. 
245 1 4 |a The ends of time :  |b life and work in a nursing home /  |c Joel S. Savishinsky 
260 |a New York :   |b Bergin & Garvey,   |c c1991 
300 |a 276 p. 
504 |a Includes bibliographical references and index 
650 0 0 |a Nursing homes  |x Social aspects. 
650 0 0 |a Nursing home patients  |x Social life and customs. 
650 0 0 |a Nursing homes  |x Employees  |x Social life and customs. 
852 |a INST  |b LESVOS  |e 19981102  |h 362.16 SAV  |p 005100012897  |q 005100012897  |t BK  |y 0 
901 |a BIBL-1998-3 
909 |a Λ  |b 059742 
922 |a 1ΕΛΗ  |b 199810  |c ΚΠΣ/ΤΚΑ  |d ΠΑΠΑΣΩΤΗΡΙΟΥ 
950 |a 117-1998-07-11